书目信息 |
| 题名: |
市场调查与预测
|
|
| 作者: | 赵相忠 编 | |
| 分册: | ||
| 出版信息: | 重庆 重庆大学出版社 2004 |
|
| 页数: | 291页 | |
| 开本: | 23cm | |
| 丛书名: | ||
| 单 册: | ||
| 中图分类: | F713.5 | |
| 科图分类: | ||
| 主题词: | 商业经济--国内 | |
| 电子资源: | ||
| ISBN: | 7-5624-2873-5 | |
| 000 | 00593nam0 2200205 450 | |
| 001 | 0632394734 | |
| 005 | 20061016090342.67 | |
| 010 | @a7-5624-2873-5@dCNY22.00 | |
| 100 | @a20061016d2004 km y0chiy0120 ea | |
| 101 | 0 | @achi |
| 102 | @aCN | |
| 200 | 1 | @a市场调查与预测@Ashi chang diao cha yu yu ce@f赵相忠编@Fzhao xiang zhong bian |
| 210 | @a重庆@c重庆大学出版社@d2004 | |
| 215 | @a291页@d23cm | |
| 300 | @a工商管理、市场营销本科系列教材 | |
| 606 | 0 | @a商业经济@x国内 |
| 690 | @aF713.5@v3 | |
| 701 | 0 | @a赵相忠@Azhao xiang zhong@4编 |
| 801 | 0 | @aCN@bPFT@c20061016 |
| 905 | @a10447@dF713.5@e142 | |
| 市场调查与预测/赵相忠编.-重庆:重庆大学出版社,2004 |
| 291页;23cm |
| 工商管理、市场营销本科系列教材 |
| ISBN 7-5624-2873-5:CNY22.00 |
| ● |
| 相关链接 |
|
|
|
|
正题名:市场调查与预测
索取号:F713.5/142
 
预约/预借
| 序号 | 登录号 | 条形码 | 馆藏地/架位号 | 状态 | 备注 |
| 1 | 0501994 | 205019941 | 密集书库/ [索取号:F713.5/142] | 在馆 |